000 00746nam a2200229Ii 4500
003 JO-AjNU
008 230605s9999||||xx |||||||||||||| ||und||
017 _a1993/3642
020 _a977-04-0964-2
040 _aJO-AjNU
_bara
_erda
_cJO-AjNU
041 _aara
050 1 4 _aK5101.M33.1993
100 3 _aحسني ، محمود نجيب ,
_eauthor
_944735
245 0 0 _aالموجز في شرح قانون العقوبات : القسم الخاص
250 _a(د،ط)
264 3 1 _aالقاهرة : دار النهضة العربية ، 1993
300 _a881ص
336 _atext
_btxt
_2rdacontent
337 _aunmediated
_bn
_2rdamedia
338 _avolume
_bnc
_2rdacarrier
650 4 _aقانون العقوبات -- مصر
_944736
999 _aA19339
_c22907
_d22907